000 00756nam a2200265 a 4500
001 18207
003 BD-RjUL
005 20211209000243.0
008 140219s1961 enk 000 1 eng d
035 _a(BD-RjUL)18265
035 _a(OCoLC)793014
040 _aBUF
_dBD-RjUL
_beng
_cBUF
041 _aeng
082 0 0 _a809.93353
_bWIW 1961
100 1 _aWilson, Edmund,
_d1895-1972.
_956055
245 1 4 _aThe wound and the bow :
_bseven studies in literature /
_cby Edmund Wilson.
250 _aRev. ed.
260 _aLondon :
_bMethuen,
_c1961.
300 _a264 p. ;
_c21 cm.
650 0 _aSuffering in literature.
_956056
830 0 _vU.P. 36
_956059
830 0 _aUniversity paperbacks ;
_925556
942 _2ddc
_cBK
999 _c18207
_d18207